Statistics for Every Premier League Goalscorer (2018/19)

Click here to take the quiz!

General Stats

  • This quiz has been taken 310 times
    (151 since last reset)
  • The average score is 114 of 267

Answer Stats

Player % Correct
Son Heung-min
95%
Alexandre Lacazette
95%
Pierre-Emerick Aubameyang
92%
Mesut Özil
91%
Aaron Ramsey
91%
Sergio Agüero
91%
Eden Hazard
89%
Sadio Mané
89%
Bernardo Silva
89%
Raheem Sterling
89%
Mohamed Salah
87%
David Silva
87%
Jamie Vardy
87%
Roberto Firmino
86%
Riyad Mahrez
86%
Gabriel Jesus
86%
Harry Kane
86%
Granit Xhaka
86%
Leroy Sané
85%
Alexis Sánchez
83%
Dávinson Sánchez
83%
Alex Iwobi
83%
Anthony Martial
80%
Sokratis Papastathopoulos
80%
Romelu Lukaku
79%
Wilfried Zaha
79%
Callum Wilson
79%
Marcus Rashford
79%
Paul Pogba
79%
Virgil van Dijk
78%
Xherdan Shaqiri
78%
Richarlison
78%
Pedro
77%
Christian Eriksen
77%
Joshua King
77%
Joël Matip
76%
Willian
75%
Jordan Henderson
74%
Lucas Moura
74%
Georginio Wijnaldum
72%
Naby Keïta
72%
Skhodran Mustafi
72%
Gylfi Sigurðsson
72%
Kevin De Bruyne
72%
Aleksandar Mitrović
72%
Dele Alli
72%
İlkay Gündoğan
71%
Divock Origi
71%
Vincent Kompany
71%
Dejan Lovren
71%
Aymeric Laporte
69%
Henrikh Mkhitaryan
69%
Glenn Murray
68%
Kyle Walker
68%
Javier Hernández
68%
Lucas Torreira
68%
Fernandinho
67%
Erik Lamela
67%
Juan Mata
66%
James Maddison
66%
James Milner
64%
Troy Deeney
64%
Olivier Giroud
63%
Fabinho
63%
Trent Alexander-Arnold
63%
Ashley Barnes
62%
Salomón Rondón
62%
Álvaro Morata
61%
Harvey Barnes
61%
Ayoze Pérez
61%
Ryan Fraser
60%
Chris Wood
60%
Jorginho
60%
Scott McTominay
60%
Marcos Alonso
60%
Raúl Jiménez
60%
Diogo Jota
60%
Felipe Anderson
60%
Victor Wanyama
60%
Marko Arnautović
59%
N'Golo Kanté
59%
Wes Morgan
57%
Lucas Pérez
57%
César Azpilicueta
57%
Jan Vertonghen
56%
Nemanja Matić
56%
João Moutinho
55%
David Luiz
55%
Jesse Lingard
55%
Victor Lindelöf
55%
Chris Smalling
54%
Cenk Tosun
54%
Danny Ings
54%
Nathan Aké
54%
Ross Barkley
54%
Gonzalo Higuaín
54%
Antonio Rüdiger
53%
Fred
52%
Ricardo Pereira
52%
Wilfried Ndidi
52%
Luke Shaw
52%
Phil Foden
52%
Laurent Koscielny
52%
Shane Long
51%
Mark Noble
51%
Nacho Monreal
51%
Andreas Pereira
51%
Rúben Neves
51%
Yerry Mina
51%
André Schürrle
51%
André Gomes
49%
Eric Dier
48%
Christian Benteke
48%
Andre Gray
47%
Demarai Gray
47%
Séamus Coleman
46%
Dominic Calvert-Lewin
46%
Ashley Young
46%
Matt Doherty
46%
Juan Foyth
46%
Aaron Mooy
45%
Ander Herrera
45%
Jordan Ayew
44%
Bernard
43%
Lewis Dunk
43%
Youri Tielemans
43%
Steve Cook
43%
Danny Ward
41%
Jefferson Lerma
41%
Harry Winks
41%
Daniel Sturridge
41%
Joel Ward
41%
Ruben Loftus-Cheek
41%
Theo Walcott
41%
Calum Chambers
40%
Lucas Digne
40%
Fabian Schär
40%
Luka Milivojević
40%
Shane Duffy
40%
Ainsley Maitland-Niles
39%
Harry Maguire
39%
Pascal Groß
39%
Jonny Evans
39%
Willy Boly
38%
Danilo
38%
David Brooks
38%
Gerard Deulofeu
37%
Adam Smith
37%
Hélder Costa
36%
James Ward-Prowse
34%
Andros Townsend
34%
Michy Batshuayi
33%
Kelechi Iheanacho
33%
Fernando Llorente
32%
Jean Michaël Seri
31%
Leander Dendoncker
31%
Michael Keane
31%
Yoshinori Muto
31%
Ryan Babel
31%
Abdoulaye Doucouré
31%
Patrick van Aanholt
30%
Adama Traoré
30%
Andriy Yarmolenko
30%
Marc Albrighton
30%
Kieran Trippier
30%
José Holebas
30%
Danny Welbeck
30%
James Tarkowski
29%
Robert Snodgrass
29%
Steve Mounié
28%
Sol Bamba
28%
Jonjo Shelvey
28%
DeAndre Yedlin
28%
Issa Diop
28%
Víctor Camarasa
28%
Roberto Pereyra
26%
Michail Antonio
26%
Declan Rice
26%
James McArthur
26%
Junior Hoilett
26%
Nathan Redmond
26%
Manuel Lanzini
25%
Jóhann Berg Guðmundsson
25%
Ryan Sessegnon
24%
Jeff Hendrick
24%
Eddie Nketiah
24%
Cédric Soares
24%
Florin Andone
24%
Ciaran Clark
23%
Sean Longstaff
23%
Charlie Austin
23%
Romain Saïss
23%
Jeffrey Schlupp
23%
Charlie Daniels
23%
Angelo Ogbonna
23%
Matěj Vydra
23%
Kurt Zouma
23%
Fabián Balbuena
22%
Max Meyer
22%
Pierre-Emile Højbjerg
21%
Dwight McNeil
20%
Anthony Knockaert
20%
Jack Cork
20%
Christian Atsu
20%
Matt Ritchie
20%
Mario Lemina
18%
Sean Morrison
18%
Rachid Ghezzal
17%
Bobby Reid
17%
Karlan Grant
17%
Jack Stephens
16%
Ryan Bertrand
16%
Philip Billing
16%
Jonny Castro Otto
16%
Sam Vokes
16%
Dale Stephens
16%
Phil Jagielka
16%
Tom Cairney
15%
Craig Cathcart
15%
Davy Pröpper
15%
Callum Paterson
15%
Jürgen Locadia
15%
Joselu
15%
James Tomkins
15%
Kenedy
14%
Aaron Lennon
14%
Ryan Bennett
14%
Lys Mousset
14%
Jordon Ibe
14%
Aboubakar Kamara
14%
Ashley Westwood
13%
Étienne Capoue
13%
Will Hughes
13%
Mathias 'Zanka' Jørgensen
13%
Beram Kayal
13%
Kenneth Zohore
13%
Dan Gosling
11%
Christopher Schindler
10%
Luciano Vietto
10%
Isaac Success
10%
Yan Valery
9%
Nathaniel Mendez-Laing
9%
Josh Murphy
9%
Aron Gunnarsson
9%
Solly March
9%
Stuart Armstrong
9%
Isaac Hayden
8%
Manolo Gabbiadini
8%
Alex Pritchard
8%
Terence Kongolo
8%
Junior Stanislas
8%
Ivan Cavaleiro
8%
Domingos Quina
7%
Leon Balogun
7%
Ryan Fredericks
7%
Kiko Femenía
7%
Oriol Romeu
7%
Tom Cleverley
6%
Jon Gorenc Stanković
6%
Juninho Bacuna
6%
Ben Gibson
6%
Michael Obafemi
6%
Ken Sema
5%
Floyd Ayité
5%
Matt Targett
2%
Kadeem Harris
2%
Isaac Mbenza
1%

Score Distribution

Percentile by Number Answered

Percent of People with Each Score

Your Score History

You have not taken this quiz since the last reset